| 000 | 00416nam a2200157Ia 4500 | ||
|---|---|---|---|
| 008 | 230312s9999||||xx |||||||||||||| ||und|| | ||
| 020 | _a0-07-060952-7 | ||
| 082 |
_a658.8 _bSTA-M |
||
| 100 | _aStanton,William.J | ||
| 245 | 0 | _aMarketing | |
| 260 |
_bMcGraw-Hill _aUSA _c1992 |
||
| 300 | _a668 | ||
| 546 | _aEng. | ||
| 650 |
_aManagement _vField of Marketing , Carrers in Marketing , Marketing Enviroment |
||
| 942 | _cBK | ||
| 999 |
_c455 _d455 |
||